000 00477nam a2200181Ia 4500
001 11153
005 20260306161925.0
008 260306t2019||||xx |||||||||||||| ||spa||
041 _aESP
082 _a985.01
_bC97
100 _aCuratola Petrocchi, Marco
_eAUT
245 0 _aEl estudio del mundo andino:
_bseminario interdisciplinar Písac 2009-2018
260 _c2019
300 _a333 páginas :
_c24 cm.
650 _aGEN
654 _aCHU
942 _cLIB
_dJUS
_fJUS
_2ddc
_n
999 _c11153
_d11153